000
00326nam a22001457a 4500
020
_a
0395326206
082
_a
558
100
_a
Kreitner,R
245
_a
Management
250
_a
2nd ed.
260
_a
London
_b
Houghton Mifflin
_c
1983
300
_a
xv,667p.ill. ;charts,tables,pictures,25cm
500
_a
index
942
_c
BK
999
_c
17306
_d
17306